| 000 | 00464nam a2200157 i 4500 | ||
|---|---|---|---|
| 001 | 81617 | ||
| 003 | ES-MaACL | ||
| 005 | 20230906174456.0 | ||
| 007 | t| | ||
| 008 | 041105s1916 sp ||||1| spa d | ||
| 100 | 1 |
_aHuidobro de la Cuesta, Gabriel. _964672 |
|
| 245 | 1 | 0 |
_aBase naval secundaria en el Mar Cantábrico / _cGabriel Huidobro de la Cuesta. |
| 260 |
_aSantander : _b[s.n.], _c1916. |
||
| 300 |
_a58 p., 1 plan. ; _c24 cm. |
||
| 852 |
_aES-MaACL _j1508-F-4 |
||
| 999 |
_c81617 _d81617 |
||